000 00916nam a2200277Ia 4500
003 OSt
005 20221005092945.0
006 a|||||r|||| 00| 0
007 ta
008 221004b |||||||| |||| 00| 0 eng d
020 _a9780197263914 (hbk)
_c3260.40
024 _a102120
037 _b3621, 15/09/2009, Bharat Scientific Syndicate
_cTextual
040 _aCRL
_cCRL
_beng
041 _2eng
_aeng
082 _aV5925.N5, P7
100 _aCornwall Mark Ed.
_9617938
245 0 _aCzechoslovakia in a natinalist and fascist Europe 1918-1948
260 _aNew York
_bThe British Academy USA
_c2007
300 _axv,258p.
_ccm.
490 _aProceedings of the British academy; 140
650 _aHISTORY
700 _a Evans R.J.W. Ed.
942 _hV5925.N5, P7
_cTEXL
_2cc
999 _c999590
_d999590